[Event "Turkish Club Cup 2019"]
[Site "Konya"]
[Date "2019.07.19"]
[Round "6"]
[White "Yilmaz, Seyma"]
[Black "Asan, Elvan"]
[Result "1-0"]
[WhiteElo "1500"]
[BlackElo "1760"]
[Annotator "NA"]
[PlyCount "75"]
[EventDate "2019.07.16"]
[EventType "team-tourn"]
[EventCountry "TUR"]
[SourceTitle "playchess.com"]
[Source "ChessBase"]
[SourceQuality "1"]
[TimeControl "5400+30"]

1. d4 {[%emt 0:00:30]} d5 {[%emt 0:01:30]} 2. Nf3 {[%emt 0:00:00]} c6 {[%emt 0:00:00]} 3. e3 {[%emt 0:00:00]} Bg4 {[%emt 0:01:00]} 4. b3 {[%emt 0:01:30]} Nd7 {[%emt 0:01:30]} 5. Bb2 {[%emt 0:00:30]} e6 {[%emt 0:00:30]} 6. Bd3 {[%emt 0:00:00]} Ngf6 {[%emt 0:00:30]} 7. Nbd2 {[%emt 0:00:00]} Bb4 {[%emt 0:03:30]} 8. a3 {[%emt 0:04:30]} Bd6 {[%emt 0:03:30]} 9. h3 {[%emt 0:02:30]} Bxf3 {[%emt 0:02:30]} 10. Qxf3 {[%emt 0:13:30]} Qe7 {[%emt 0:04:30]} 11. O-O {[%emt 0:04:30]} O-O {[%emt 0:02:30]} 12. e4 {[%emt 0:06:30]} e5 {[%emt 0:12:30]} 13. Rfe1 {[%emt 0:03:30]} exd4 {[%emt 0:05:30]} 14. exd5 {[%emt 0:03:30]} Ne5 {[%emt 0:02:30]} 15. Qd1 {[%emt 0:05:30]} Nxd5 {[%emt 0:04:30]} 16. Nc4 {[%emt 0:09:30]} Nf4 {[%emt 0:12:30]} 17. Nxd6 {[%emt 0:07:30]} Qxd6 {[%emt 0:00:30]} 18. Bf1 {[%emt 0:01:30]} c5 {[%emt 0:05:30]} 19. Re4 {[%emt 0:04:30]} Neg6 {[%emt 0:02:30]} 20. Qf3 {[%emt 0:07:30]} b6 {[%emt 0:05:30]} 21. g3 {[%emt 0:02:30]} Ne6 {[%emt 0:00:30]} 22. h4 {[%emt 0:02:00]} Rae8 {[%emt 0:07:30]} 23. Rae1 {[%emt 0:01:35]} f5 {[%emt 0:04:28]} 24. Rxe6 {[%emt 0:00:34]} Rxe6 {[%emt 0:02:31]} 25. Rxe6 {[%emt 0:00:10]} Ne5 {[%emt 0:01:36]} 26. Rxd6 {[%emt 0:03:53]} Nxf3+ {[%emt 0:00:07]} 27. Kh1 {[%emt 0:00:05]} Re8 {[%emt 0:00:29]} 28. Bc4+ {[%emt 0:00:20]} Kf8 {[%emt 0:00:36]} 29. Re6 {[%emt 0:00:31]} Rd8 {[%emt 0:02:37]} 30. Bc1 {[%emt 0:00:40]} h6 {[%emt 0:02:44]} 31. Kg2 {[%emt 0:00:25]} d3 {[%emt 0:00:59]} 32. Bxd3 {[%emt 0:00:22]} Nd4 {[%emt 0:00:05]} 33. Re3 {[%emt 0:01:18]} g6 {[%emt 0:01:48]} 34. Bb2 {[%emt 0:01:02]} Rd6 {[%emt 0:02:22]} 35. a4 {[%emt 0:00:28]} Ne6 {[%emt 0:01:59]} 36. Bc4 {[%emt 0:01:23]} Nd4 {[%emt 0:00:42]} 37. Bxd4 {[%emt 0:00:33]} Rxd4 {[%emt 0:00:25]} 38. Bd3 {[%emt 0:00:27]} 1-0

[Event "Turkish Club Cup 2019"]
[Site "Konya"]
[Date "2019.07.19"]
[Round "6"]
[White "Aslan, Lina"]
[Black "Bicaklioglu, Dilara"]
[Result "0-1"]
[WhiteElo "1493"]
[BlackElo "1305"]
[Annotator "NA"]
[PlyCount "80"]
[EventDate "2019.07.16"]
[EventType "team-tourn"]
[EventCountry "TUR"]
[SourceTitle "playchess.com"]
[Source "ChessBase"]
[SourceQuality "1"]
[TimeControl "5400+30"]

1. e4 {[%emt 0:00:30]} e5 {[%emt 0:00:30]} 2. Nf3 {[%emt 0:00:30]} Nc6 {[%emt 0:00:30]} 3. Bc4 {[%emt 0:00:00]} Bc5 {[%emt 0:00:00]} 4. c3 {[%emt 0:00:00]} Nf6 {[%emt 0:00:00]} 5. d3 {[%emt 0:00:00]} O-O {[%emt 0:00:30]} 6. O-O {[%emt 0:00:00]} a6 {[%emt 0:01:30]} 7. a4 {[%emt 0:01:30]} d6 {[%emt 0:00:30]} 8. Nbd2 {[%emt 0:01:30]} Ba7 {[%emt 0:02:30]} 9. h3 {[%emt 0:02:30]} Ne7 {[%emt 0:01:30]} 10. Re1 {[%emt 0:02:30]} Ng6 {[%emt 0:01:30]} 11. Nf1 {[%emt 0:06:30]} c6 {[%emt 0:06:30]} 12. Ng3 {[%emt 0:05:30]} h6 {[%emt 0:06:30]} 13. Nf5 {[%emt 0:14:30]} Bxf5 {[%emt 0:04:30]} 14. exf5 {[%emt 0:00:30]} Ne7 {[%emt 0:02:30]} 15. Nh4 {[%emt 0:01:30]} Qd7 {[%emt 0:01:30]} 16. Qf3 {[%emt 0:01:30]} d5 {[%emt 0:00:30]} 17. Ba2 {[%emt 0:01:30]} e4 {[%emt 0:06:30]} 18. dxe4 {[%emt 0:02:30]} dxe4 {[%emt 0:05:30]} 19. Qf4 {[%emt 0:04:30]} Bb8 {[%emt 0:01:30]} 20. Qd2 {[%emt 0:19:30]} Qc8 {[%emt 0:24:30]} 21. Ng6 {[%emt 0:04:30]} Re8 {[%emt 0:00:30]} 22. Qd4 {[%emt 0:03:30]} Nxf5 {[%emt 0:02:30]} 23. Qd1 {[%emt 0:10:10]} Ba7 {[%emt 0:14:13]} 24. Be3 {[%emt 0:02:48]} Nxe3 {[%emt 0:01:10]} 25. fxe3 {[%emt 0:00:11]} Qf5 {[%emt 0:00:52]} 26. Nh4 {[%emt 0:04:56]} Qg5 {[%emt 0:00:15]} 27. Nf3 {[%emt 0:05:33]} Bxe3+ {[%emt 0:00:34]} 28. Kh1 {[%emt 0:00:11]} exf3 {[%emt 0:00:32]} 29. Qxf3 {[%emt 0:00:03]} Ba7 {[%emt 0:04:54]} 30. Red1 {[%emt 0:02:28]} Re3 {[%emt 0:00:51]} 31. Qf1 {[%emt 0:00:31]} Rae8 {[%emt 0:01:39]} 32. Re1 {[%emt 0:01:20]} Rxe1 {[%emt 0:02:55]} 33. Rxe1 {[%emt 0:00:30]} Rxe1 {[%emt 0:00:30]} 34. Qxe1 {[%emt 0:00:30]} Qe3 {[%emt 0:00:00]} 35. Qd1 {[%emt 0:00:00]} Bb6 {[%emt 0:01:07]} 36. Qf1 {[%emt 0:01:12]} Qf2 {[%emt 0:00:12]} 37. Qc1 {[%emt 0:00:21]} Ne4 {[%emt 0:00:10]} 38. Bb1 {[%emt 0:00:00]} Ng3+ {[%emt 0:00:25]} 39. Kh2 {[%emt 0:00:29]} Nf1+ {[%emt 0:00:31]} 40. Kh1 {[%emt 0:00:30]} Qg1# {[%emt 0:00:00]} 0-1

[Event "Turkish Club Cup 2019"]
[Site "Konya"]
[Date "2019.07.19"]
[Round "6"]
[White "Uzgur, Arda"]
[Black "Erten, Erce"]
[Result "1-0"]
[WhiteElo "1480"]
[BlackElo "1225"]
[Annotator "NA"]
[PlyCount "75"]
[EventDate "2019.07.16"]
[EventType "team-tourn"]
[EventCountry "TUR"]
[SourceTitle "playchess.com"]
[Source "ChessBase"]
[SourceQuality "1"]
[TimeControl "5400+30"]

1. e4 {[%emt 0:00:30]} c5 {[%emt 0:00:30]} 2. c4 {[%emt 0:00:30]} Nc6 {[%emt 0:00:00]} 3. Ne2 {[%emt 0:00:00]} g6 {[%emt 0:01:00]} 4. d4 {[%emt 0:00:00]} cxd4 {[%emt 0:00:30]} 5. Nxd4 {[%emt 0:00:00]} Bg7 {[%emt 0:00:00]} 6. Be3 {[%emt 0:00:00]} d6 {[%emt 0:01:00]} 7. Nc3 {[%emt 0:00:00]} a6 {[%emt 0:00:30]} 8. Be2 {[%emt 0:00:00]} Nf6 {[%emt 0:00:30]} 9. f3 {[%emt 0:00:30]} Bd7 {[%emt 0:02:30]} 10. Qd2 {[%emt 0:01:30]} Qc7 {[%emt 0:02:30]} 11. O-O {[%emt 0:01:30]} O-O {[%emt 0:00:30]} 12. Rac1 {[%emt 0:01:30]} Rac8 {[%emt 0:03:30]} 13. Rfd1 {[%emt 0:06:30]} Rfe8 {[%emt 0:02:30]} 14. Nd5 {[%emt 0:04:30]} Qd8 {[%emt 0:02:30]} 15. Nxc6 {[%emt 0:01:30]} Bxc6 {[%emt 0:05:30]} 16. Bd4 {[%emt 0:14:30]} Nd7 {[%emt 0:07:30]} 17. Be3 {[%emt 0:06:30]} Bxd5 {[%emt 0:10:30]} 18. exd5 {[%emt 0:00:30]} Nf6 {[%emt 0:01:30]} 19. b4 {[%emt 0:03:30]} Qd7 {[%emt 0:01:30]} 20. c5 {[%emt 0:05:30]} dxc5 {[%emt 0:01:30]} 21. bxc5 {[%emt 0:00:30]} Red8 {[%emt 0:01:30]} 22. c6 {[%emt 0:07:30]} bxc6 {[%emt 0:06:30]} 23. dxc6 {[%emt 0:00:30]} Qxd2 {[%emt 0:02:30]} 24. Rxd2 {[%emt 0:00:30]} Rxd2 {[%emt 0:08:30]} 25. Bxd2 {[%emt 0:02:30]} Nd5 {[%emt 0:01:30]} 26. Bxa6 {[%emt 0:02:30]} Ra8 {[%emt 0:01:30]} 27. Bc4 {[%emt 0:05:30]} Bd4+ {[%emt 0:03:30]} 28. Kf1 {[%emt 0:02:30]} Ne3+ {[%emt 0:01:30]} 29. Ke2 {[%emt 0:00:30]} Nxc4 {[%emt 0:04:30]} 30. Rxc4 {[%emt 0:00:30]} Bb6 {[%emt 0:02:30]} 31. Rb4 {[%emt 0:15:43]} Bc7 {[%emt 0:03:30]} 32. a4 {[%emt 0:02:07]} Bxh2 {[%emt 0:02:30]} 33. f4 {[%emt 0:01:37]} Bg1 {[%emt 0:00:46]} 34. c7 {[%emt 0:01:31]} Ba7 {[%emt 0:03:24]} 35. Rb7 {[%emt 0:00:17]} Kg7 {[%emt 0:01:43]} 36. Rxa7 {[%emt 0:00:10]} Rc8 {[%emt 0:00:22]} 37. Ba5 {[%emt 0:00:16]} h5 {[%emt 0:00:22]} 38. Rb7 {[%emt 0:00:03]} 1-0

[Event "Turkish Club Cup 2019"]
[Site "Konya"]
[Date "2019.07.19"]
[Round "6"]
[White "Karasakal, Deniz"]
[Black "Gur, Tuba"]
[Result "0-1"]
[WhiteElo "1430"]
[BlackElo "1747"]
[Annotator "NA"]
[PlyCount "142"]
[EventDate "2019.07.16"]
[EventType "team-tourn"]
[EventCountry "TUR"]
[SourceTitle "playchess.com"]
[Source "ChessBase"]
[SourceQuality "1"]
[TimeControl "5400+30"]

1. e4 {[%emt 0:00:30]} c5 {[%emt 0:00:30]} 2. c3 {[%emt 0:00:30]} e6 {[%emt 0:00:30]} 3. d4 {[%emt 0:00:00]} cxd4 {[%emt 0:00:00]} 4. cxd4 {[%emt 0:00:00]} Nf6 {[%emt 0:00:00]} 5. e5 {[%emt 0:05:30]} Nd5 {[%emt 0:00:00]} 6. Nf3 {[%emt 0:00:30]} Qc7 {[%emt 0:00:00]} 7. Bd2 {[%emt 0:01:30]} Nc6 {[%emt 0:06:30]} 8. Nc3 {[%emt 0:02:30]} Nxc3 {[%emt 0:00:30]} 9. bxc3 {[%emt 0:00:30]} d6 {[%emt 0:01:30]} 10. exd6 {[%emt 0:09:30]} Bxd6 {[%emt 0:00:30]} 11. Bd3 {[%emt 0:01:30]} b6 {[%emt 0:02:30]} 12. Qe2 {[%emt 0:01:30]} Ne7 {[%emt 0:03:30]} 13. Be4 {[%emt 0:02:30]} Bb7 {[%emt 0:01:30]} 14. Bxb7 {[%emt 0:00:30]} Qxb7 {[%emt 0:00:00]} 15. O-O {[%emt 0:00:30]} O-O {[%emt 0:01:00]} 16. Ne5 {[%emt 0:00:30]} Rac8 {[%emt 0:05:30]} 17. f4 {[%emt 0:03:30]} Qd5 {[%emt 0:03:30]} 18. Qf3 {[%emt 0:08:30]} Qxf3 {[%emt 0:07:30]} 19. Rxf3 {[%emt 0:00:30]} Bxe5 {[%emt 0:00:00]} 20. fxe5 {[%emt 0:01:30]} Rc4 {[%emt 0:00:00]} 21. a4 {[%emt 0:11:30]} Nd5 {[%emt 0:09:30]} 22. Kf2 {[%emt 0:00:30]} Rfc8 {[%emt 0:02:30]} 23. Ra3 {[%emt 0:00:30]} Kf8 {[%emt 0:07:30]} 24. Ke2 {[%emt 0:00:30]} Ke8 {[%emt 0:00:00]} 25. Kd3 {[%emt 0:02:30]} R8c7 {[%emt 0:01:00]} 26. Rh3 {[%emt 0:08:30]} h6 {[%emt 0:00:30]} 27. Rg3 {[%emt 0:00:00]} Kf8 {[%emt 0:01:30]} 28. Rg4 {[%emt 0:04:00]} Ne7 {[%emt 0:02:30]} 29. Re4 {[%emt 0:04:30]} Nf5 {[%emt 0:04:30]} 30. Be1 {[%emt 0:02:30]} g6 {[%emt 0:04:30]} 31. g4 {[%emt 0:00:30]} Ne7 {[%emt 0:01:30]} 32. Kc2 {[%emt 0:02:30]} Rb4 {[%emt 0:02:30]} 33. Bd2 {[%emt 0:02:30]} Kg7 {[%emt 0:00:30]} 34. Kd3 {[%emt 0:01:30]} Rbc4 {[%emt 0:00:30]} 35. h3 {[%emt 0:04:14]} g5 {[%emt 0:02:30]} 36. h4 {[%emt 0:04:59]} gxh4 {[%emt 0:00:30]} 37. g5 {[%emt 0:00:16]} h5 {[%emt 0:01:30]} 38. Rxh4 {[%emt 0:00:36]} Kg6 {[%emt 0:00:30]} 39. Ra1 {[%emt 0:03:19]} Nf5 {[%emt 0:00:30]} 40. Rh3 {[%emt 0:00:56]} Rc8 {[%emt 0:00:30]} 41. Ke4 {[%emt 0:04:53]} Rd8 {[%emt 0:04:30]} 42. Rd3 {[%emt 0:02:20]} Rd5 {[%emt 0:00:30]} 43. Be3 {[%emt 0:03:10]} Ra5 {[%emt 0:01:30]} 44. Kf4 {[%emt 0:01:19]} Rcxa4 {[%emt 0:00:30]} 45. Rxa4 {[%emt 0:00:43]} Rxa4 {[%emt 0:00:00]} 46. Rd1 {[%emt 0:00:27]} Nxe3 {[%emt 0:03:00]} 47. Kxe3 {[%emt 0:00:30]} Kxg5 {[%emt 0:00:00]} 48. Rg1+ {[%emt 0:00:02]} Kh6 {[%emt 0:00:00]} 49. Rf1 {[%emt 0:00:27]} Rc4 {[%emt 0:00:30]} 50. Rxf7 {[%emt 0:01:04]} Rxc3+ {[%emt 0:00:30]} 51. Kd2 {[%emt 0:00:46]} Rc6 {[%emt 0:01:30]} 52. Rxa7 {[%emt 0:00:30]} h4 {[%emt 0:00:30]} 53. Ra3 {[%emt 0:00:25]} Kg5 {[%emt 0:00:00]} 54. Ke1 {[%emt 0:01:04]} Kg4 {[%emt 0:01:00]} 55. Kf2 {[%emt 0:00:36]} Rc2+ {[%emt 0:02:30]} 56. Kg1 {[%emt 0:00:13]} h3 {[%emt 0:00:30]} 57. Ra8 {[%emt 0:00:19]} Kf5 {[%emt 0:01:30]} 58. Rh8 {[%emt 0:00:23]} h2+ {[%emt 0:00:30]} 59. Kh1 {[%emt 0:01:03]} b5 {[%emt 0:00:46]} 60. Rb8 {[%emt 0:00:32]} Rb2 {[%emt 0:00:14]} 61. Rb6 {[%emt 0:00:31]} b4 {[%emt 0:00:31]} 62. Rb7 {[%emt 0:00:48]} b3 {[%emt 0:00:37]} 63. Rb6 {[%emt 0:00:19]} Ke4 {[%emt 0:02:03]} 64. Rb4 {[%emt 0:00:30]} Kd5 {[%emt 0:00:30]} 65. Rb6 {[%emt 0:00:32]} Kxd4 {[%emt 0:00:00]} 66. Rb5 {[%emt 0:00:36]} Rb1+ {[%emt 0:03:04]} 67. Kxh2 {[%emt 0:00:04]} Kc4 {[%emt 0:00:09]} 68. Rb8 {[%emt 0:00:24]} Re1 {[%emt 0:00:36]} 69. Kg3 {[%emt 0:00:49]} Rxe5 {[%emt 0:00:42]} 70. Kf3 {[%emt 0:00:10]} Rb5 {[%emt 0:00:00]} 71. Rc8+ {[%emt 0:01:00]} Kb4 {[%emt 0:00:00]} 0-1

[Event "Turkish Club Cup 2019"]
[Site "Konya"]
[Date "2019.07.19"]
[Round "6"]
[White "Yalcin, Nehir"]
[Black "Sural, Ceren"]
[Result "1/2-1/2"]
[WhiteElo "1392"]
[BlackElo "1622"]
[Annotator "NA"]
[PlyCount "112"]
[EventDate "2019.07.16"]
[EventType "team-tourn"]
[EventCountry "TUR"]
[SourceTitle "playchess.com"]
[Source "ChessBase"]
[SourceQuality "1"]
[TimeControl "5400+30"]

1. e4 {[%emt 0:00:30]} d5 {[%emt 0:00:30]} 2. exd5 {[%emt 0:00:00]} Qxd5 {[%emt 0:00:00]} 3. Nc3 {[%emt 0:00:00]} Qd8 {[%emt 0:00:00]} 4. d4 {[%emt 0:00:30]} Nf6 {[%emt 0:00:00]} 5. Nf3 {[%emt 0:00:30]} Bg4 {[%emt 0:01:00]} 6. Be2 {[%emt 0:01:30]} e6 {[%emt 0:01:30]} 7. h3 {[%emt 0:02:30]} Bxf3 {[%emt 0:04:30]} 8. Bxf3 {[%emt 0:00:30]} c6 {[%emt 0:00:00]} 9. a3 {[%emt 0:07:30]} Nbd7 {[%emt 0:05:00]} 10. Be3 {[%emt 0:04:30]} Nb6 {[%emt 0:01:30]} 11. Qd3 {[%emt 0:01:30]} Be7 {[%emt 0:05:30]} 12. O-O-O {[%emt 0:04:30]} a6 {[%emt 0:06:30]} 13. g4 {[%emt 0:12:30]} Nfd5 {[%emt 0:05:30]} 14. Bd2 {[%emt 0:01:30]} Nxc3 {[%emt 0:01:30]} 15. Qxc3 {[%emt 0:02:30]} Nd5 {[%emt 0:05:30]} 16. Qd3 {[%emt 0:01:30]} a5 {[%emt 0:14:30]} 17. Be4 {[%emt 0:06:30]} Nf6 {[%emt 0:04:30]} 18. Bg2 {[%emt 0:00:30]} Qc7 {[%emt 0:02:30]} 19. f4 {[%emt 0:04:30]} b6 {[%emt 0:11:30]} 20. Rhf1 {[%emt 0:07:30]} O-O-O {[%emt 0:03:30]} 21. g5 {[%emt 0:06:30]} Ne8 {[%emt 0:02:30]} 22. f5 {[%emt 0:07:30]} exf5 {[%emt 0:03:30]} 23. Qxf5+ {[%emt 0:01:30]} Rd7 {[%emt 0:00:30]} 24. Qe4 {[%emt 0:07:23]} Kb7 {[%emt 0:00:48]} 25. Be3 {[%emt 0:03:25]} Nd6 {[%emt 0:01:29]} 26. Qf3 {[%emt 0:00:26]} f6 {[%emt 0:02:21]} 27. h4 {[%emt 0:03:52]} fxg5 {[%emt 0:02:28]} 28. hxg5 {[%emt 0:00:13]} Bd8 {[%emt 0:01:55]} 29. Qg4 {[%emt 0:01:55]} Re7 {[%emt 0:02:17]} 30. Bf4 {[%emt 0:00:48]} Qd7 {[%emt 0:02:21]} 31. Qg3 {[%emt 0:02:41]} Nf5 {[%emt 0:00:59]} 32. Qd3 {[%emt 0:00:40]} Rf8 {[%emt 0:02:22]} 33. d5 {[%emt 0:00:33]} Ka7 {[%emt 0:03:15]} 34. dxc6 {[%emt 0:00:44]} Qxd3 {[%emt 0:01:05]} 35. Rxd3 {[%emt 0:01:01]} Bc7 {[%emt 0:01:43]} 36. Bxc7 {[%emt 0:01:00]} Rxc7 {[%emt 0:00:12]} 37. Be4 {[%emt 0:00:52]} g6 {[%emt 0:00:22]} 38. Rfd1 {[%emt 0:00:29]} Rfc8 {[%emt 0:01:10]} 39. Rd7 {[%emt 0:00:46]} Kb8 {[%emt 0:00:11]} 40. Rh1 {[%emt 0:01:43]} Ng3 {[%emt 0:01:12]} 41. Rh4 {[%emt 0:00:16]} Nxe4 {[%emt 0:01:01]} 42. Rxe4 {[%emt 0:00:01]} Rxd7 {[%emt 0:00:31]} 43. cxd7 {[%emt 0:00:03]} Rd8 {[%emt 0:00:05]} 44. Re7 {[%emt 0:01:29]} Kc7 {[%emt 0:00:30]} 45. Rxh7 {[%emt 0:00:30]} Rxd7 {[%emt 0:00:00]} 46. Rh6 {[%emt 0:00:00]} Rd6 {[%emt 0:00:00]} 47. c3 {[%emt 0:00:06]} Kc6 {[%emt 0:00:33]} 48. Kc2 {[%emt 0:00:13]} Kc5 {[%emt 0:00:01]} 49. b4+ {[%emt 0:00:55]} axb4 {[%emt 0:00:25]} 50. axb4+ {[%emt 0:00:04]} Kd5 {[%emt 0:00:46]} 51. Rh1 {[%emt 0:00:37]} Ke5 {[%emt 0:00:41]} 52. Rf1 {[%emt 0:00:30]} Rc6 {[%emt 0:00:06]} 53. Kb3 {[%emt 0:00:39]} b5 {[%emt 0:00:33]} 54. Rf3 {[%emt 0:01:19]} Rd6 {[%emt 0:01:18]} 55. c4 {[%emt 0:03:31]} Ke4 {[%emt 0:00:30]} 56. Rf6 {[%emt 0:00:30]} Rd3+ {[%emt 0:00:30]} 1/2-1/2

[Event "Turkish Club Cup 2019"]
[Site "Konya"]
[Date "2019.07.19"]
[Round "6"]
[White "Yalcin, Sudenaz"]
[Black "Kucuk, Aybike"]
[Result "0-1"]
[WhiteElo "1371"]
[BlackElo "1266"]
[Annotator "NA"]
[PlyCount "113"]
[EventDate "2019.07.16"]
[EventType "team-tourn"]
[EventCountry "TUR"]
[SourceTitle "playchess.com"]
[Source "ChessBase"]
[SourceQuality "1"]
[TimeControl "5400+30"]

1. e4 {[%emt 0:00:30]} c5 {[%emt 0:00:30]} 2. Nf3 {[%emt 0:00:30]} e6 {[%emt 0:00:00]} 3. c4 {[%emt 0:00:00]} Nc6 {[%emt 0:00:00]} 4. d4 {[%emt 0:00:00]} cxd4 {[%emt 0:01:30]} 5. Nxd4 {[%emt 0:00:00]} Nge7 {[%emt 0:00:30]} 6. Nc3 {[%emt 0:00:00]} g6 {[%emt 0:00:30]} 7. f3 {[%emt 0:00:30]} Bg7 {[%emt 0:00:30]} 8. Be3 {[%emt 0:00:30]} a6 {[%emt 0:04:30]} 9. Be2 {[%emt 0:02:30]} d6 {[%emt 0:01:30]} 10. Qd2 {[%emt 0:00:00]} Bd7 {[%emt 0:00:30]} 11. O-O {[%emt 0:00:00]} O-O {[%emt 0:00:30]} 12. Rfc1 {[%emt 0:01:30]} Rc8 {[%emt 0:02:30]} 13. Bf1 {[%emt 0:02:30]} Ne5 {[%emt 0:04:30]} 14. b3 {[%emt 0:01:30]} Re8 {[%emt 0:09:30]} 15. Qf2 {[%emt 0:01:30]} N7c6 {[%emt 0:03:30]} 16. Rab1 {[%emt 0:05:30]} Nb4 {[%emt 0:06:30]} 17. Rd1 {[%emt 0:04:30]} Qe7 {[%emt 0:03:30]} 18. a3 {[%emt 0:05:30]} Nbc6 {[%emt 0:00:30]} 19. Nxc6 {[%emt 0:00:30]} Nxc6 {[%emt 0:02:30]} 20. Na4 {[%emt 0:00:30]} f5 {[%emt 0:09:30]} 21. Nb6 {[%emt 0:30:30]} Rcd8 {[%emt 0:00:00]} 22. Qg3 {[%emt 0:12:30]} Be5 {[%emt 0:06:00]} 23. f4 {[%emt 0:00:30]} Bg7 {[%emt 0:00:30]} 24. exf5 {[%emt 0:00:30]} exf5 {[%emt 0:00:30]} 25. Nd5 {[%emt 0:00:30]} Qf7 {[%emt 0:00:30]} 26. Be2 {[%emt 0:00:30]} Nd4 {[%emt 0:00:30]} 27. Bxd4 {[%emt 0:00:30]} Bxd4+ {[%emt 0:00:30]} 28. Rxd4 {[%emt 0:00:30]} Rxe2 {[%emt 0:00:30]} 29. Qg5 {[%emt 0:00:30]} Rf8 {[%emt 0:00:30]} 30. Rbd1 {[%emt 0:01:30]} Qe6 {[%emt 0:05:30]} 31. Qh4 {[%emt 0:07:30]} Bc6 {[%emt 0:06:30]} 32. R4d3 {[%emt 0:00:30]} Bxd5 {[%emt 0:00:30]} 33. cxd5 {[%emt 0:00:30]} Qe4 {[%emt 0:00:30]} 34. Qg3 {[%emt 0:00:30]} Re8 {[%emt 0:05:30]} 35. Qf3 {[%emt 0:00:30]} Qxf3 {[%emt 0:00:30]} 36. Rxf3 {[%emt 0:00:30]} Ra2 {[%emt 0:01:30]} 37. a4 {[%emt 0:01:30]} Ree2 {[%emt 0:02:30]} 38. Rg3 {[%emt 0:01:30]} Rf2 {[%emt 0:06:38]} 39. Re1 {[%emt 0:01:07]} Rxf4 {[%emt 0:02:04]} 40. Rge3 {[%emt 0:05:56]} Rff2 {[%emt 0:04:41]} 41. Re8+ {[%emt 0:00:30]} Kg7 {[%emt 0:00:44]} 42. R1e7+ {[%emt 0:01:52]} Kf6 {[%emt 0:00:21]} 43. Re6+ {[%emt 0:00:58]} Kg5 {[%emt 0:00:30]} 44. Rxd6 {[%emt 0:00:30]} Rxg2+ {[%emt 0:00:30]} 45. Kh1 {[%emt 0:00:30]} Rxh2+ {[%emt 0:00:30]} 46. Kg1 {[%emt 0:00:30]} Rhd2 {[%emt 0:00:22]} 47. Re1 {[%emt 0:03:18]} Rg2+ {[%emt 0:00:00]} 48. Kh1 {[%emt 0:00:30]} Rh2+ {[%emt 0:00:00]} 49. Kg1 {[%emt 0:00:30]} Rag2+ {[%emt 0:00:12]} 50. Kf1 {[%emt 0:00:30]} Rh1+ {[%emt 0:00:30]} 51. Kxg2 {[%emt 0:00:30]} Rxe1 {[%emt 0:00:30]} 52. Kf2 {[%emt 0:00:00]} Re7 {[%emt 0:01:37]} 53. b4 {[%emt 0:00:22]} Kf4 {[%emt 0:00:30]} 54. Re6 {[%emt 0:00:30]} Rd7 {[%emt 0:00:30]} 55. d6 {[%emt 0:00:30]} g5 {[%emt 0:00:00]} 56. Ke2 {[%emt 0:00:43]} g4 {[%emt 0:00:23]} 57. Kf2 {[%emt 0:00:00]} 0-1

[Event "Turkish Club Cup 2019"]
[Site "Konya"]
[Date "2019.07.19"]
[Round "6"]
[White "Gul, Zeynep"]
[Black "Hekimoglu, Mihriban"]
[Result "1/2-1/2"]
[WhiteElo "1359"]
[BlackElo "1440"]
[Annotator "NA"]
[PlyCount "85"]
[EventDate "2019.07.16"]
[EventType "team-tourn"]
[EventCountry "TUR"]
[SourceTitle "playchess.com"]
[Source "ChessBase"]
[SourceQuality "1"]
[TimeControl "5400+30"]

1. Nf3 {[%emt 0:00:30]} d5 {[%emt 0:00:30]} 2. d4 {[%emt 0:00:00]} Nf6 {[%emt 0:00:30]} 3. e3 {[%emt 0:00:00]} Bf5 {[%emt 0:04:30]} 4. c4 {[%emt 0:01:30]} c6 {[%emt 0:02:30]} 5. Nc3 {[%emt 0:01:30]} e6 {[%emt 0:01:30]} 6. Be2 {[%emt 0:01:30]} Bd6 {[%emt 0:03:30]} 7. O-O {[%emt 0:01:30]} h6 {[%emt 0:01:30]} 8. b3 {[%emt 0:02:30]} O-O {[%emt 0:03:30]} 9. Bb2 {[%emt 0:00:30]} Nbd7 {[%emt 0:00:30]} 10. h3 {[%emt 0:09:30]} Ne4 {[%emt 0:05:30]} 11. Nxe4 {[%emt 0:04:30]} dxe4 {[%emt 0:02:30]} 12. Nd2 {[%emt 0:01:30]} Qg5 {[%emt 0:06:30]} 13. Bg4 {[%emt 0:01:30]} Nf6 {[%emt 0:04:30]} 14. Bxf5 {[%emt 0:04:30]} exf5 {[%emt 0:00:30]} 15. Re1 {[%emt 0:09:30]} f4 {[%emt 0:09:30]} 16. exf4 {[%emt 0:04:30]} Qxf4 {[%emt 0:01:30]} 17. Nf1 {[%emt 0:00:30]} g5 {[%emt 0:10:30]} 18. Qd2 {[%emt 0:08:30]} Qf5 {[%emt 0:00:30]} 19. d5 {[%emt 0:06:30]} Rfe8 {[%emt 0:16:30]} 20. Bxf6 {[%emt 0:07:30]} Qxf6 {[%emt 0:01:30]} 21. dxc6 {[%emt 0:00:30]} bxc6 {[%emt 0:00:30]} 22. Rad1 {[%emt 0:06:30]} Rad8 {[%emt 0:02:54]} 23. Qe3 {[%emt 0:02:30]} Qe5 {[%emt 0:15:04]} 24. Qg3 {[%emt 0:10:19]} Qxg3 {[%emt 0:02:15]} 25. Nxg3 {[%emt 0:00:14]} Bxg3 {[%emt 0:01:47]} 26. fxg3 {[%emt 0:00:09]} f5 {[%emt 0:01:07]} 27. g4 {[%emt 0:03:05]} fxg4 {[%emt 0:00:46]} 28. Rxd8 {[%emt 0:01:54]} Rxd8 {[%emt 0:00:02]} 29. Rxe4 {[%emt 0:00:11]} gxh3 {[%emt 0:00:15]} 30. gxh3 {[%emt 0:00:12]} Kf7 {[%emt 0:00:33]} 31. Re3 {[%emt 0:03:01]} Kf6 {[%emt 0:00:51]} 32. a3 {[%emt 0:01:18]} a5 {[%emt 0:00:31]} 33. b4 {[%emt 0:01:48]} axb4 {[%emt 0:00:30]} 34. axb4 {[%emt 0:00:00]} Rb8 {[%emt 0:00:27]} 35. Rb3 {[%emt 0:00:55]} Ke5 {[%emt 0:00:07]} 36. Re3+ {[%emt 0:01:21]} Kd4 {[%emt 0:00:08]} 37. Re6 {[%emt 0:00:11]} Rxb4 {[%emt 0:00:46]} 38. Rxc6 {[%emt 0:00:14]} Rxc4 {[%emt 0:00:10]} 39. Rxh6 {[%emt 0:00:28]} Ke3 {[%emt 0:00:32]} 40. Kg2 {[%emt 0:02:27]} Rh4 {[%emt 0:01:38]} 41. Rxh4 {[%emt 0:00:43]} gxh4 {[%emt 0:00:05]} 42. Kg1 {[%emt 0:00:07]} Kf3 {[%emt 0:00:06]} 43. Kh2 {[%emt 0:00:00]} 1/2-1/2